[Event "Lvov Ukrainian Chess Warriors"]
[Site "Lvov"]
[Date "2024.03.15"]
[Round "8"]
[White "Kuzyk, Yuriy"]
[Black "Fishchuk, Vladyslav"]
[Result "0-1"]
[WhiteElo "1946"]
[BlackElo "2203"]
[PlyCount "100"]
[EventDate "2024.03.15"]
[EventType "swiss (rapid)"]
[EventRounds "8"]
[EventCountry "UKR"]
[SourceTitle "CB12_2024"]
[SourceDate "2023.10.01"]
[SourceVersion "1"]
[SourceVersionDate "2023.10.01"]
[SourceQuality "1"]

1. e4 Nc6 2. d4 d5 3. e5 Bf5 4. c3 e6 5. Bd3 Nge7 6. Ne2 f6 7. exf6 gxf6 8. Ng3 Bxd3 9. Qxd3 Qd7 10. Nh5 Ng8 11. Qf3 0-0-0 12. Be3 e5 13. Ng3 exd4 14. cxd4 Bb4+ 15. Nc3 Nge7 16. 0-0 Bxc3 17. bxc3 f5 18. Bg5 Rhg8 19. Bxe7 Nxe7 20. Rfe1 Rdf8 21. Qe2 Ng6 22. Qe6 f4 23. Qxd7+ Kxd7 24. Nh1 Nh4 25. g3 Nf3+ 26. Kf1 Nxe1 27. Rxe1 f3 28. Re3 c6 29. h3 h5 30. a4 Rf5 31. Kg1 Re8 32. Rxe8 Kxe8 33. Kh2 Rg5 34. a5 b6 35. axb6 axb6 36. Kg1 c5 37. dxc5 bxc5 38. Kf1 Kd7 39. Ke1 Kd6 40. Kd2 d4 41. cxd4 cxd4 42. Kd3 Kd5 43. Kd2 Kc4 44. Kc2 d3+ 45. Kd2 Kd4 46. g4 h4 47. Kd1 Kc3 48. Kc1 d2+ 49. Kd1 Re5 50. Ng3 Re1# 0-1

[Event "Chernivtsi op"]
[Site "Chernivtsi"]
[Date "2021.07.23"]
[Round "7"]
[White "Korniy, Vitaliy"]
[Black "Kuzyk, Yuriy"]
[Result "0-1"]
[WhiteElo "1938"]
[BlackElo "1931"]
[PlyCount "114"]
[EventDate "2021.07.20"]
[EventType "swiss"]
[EventRounds "9"]
[EventCountry "UKR"]
[SourceTitle "CBM 203 Extra"]
[Source "ChessBase"]
[SourceDate "2021.09.30"]
[SourceVersion "1"]
[SourceVersionDate "2021.09.30"]
[SourceQuality "1"]

1. d4 c5 2. Nf3 e6 3. g3 b6 4. Bg2 Bb7 5. 0-0 f5 6. Nc3 Nf6 7. Bg5 Be7 8. dxc5 bxc5 9. Bxf6 Bxf6 10. Qd6 Be7 11. Qf4 a6 12. e4 0-0 13. exf5 Rxf5 14. Qe3 Nc6 15. Rad1 Qc7 16. a3 Raf8 17. Ne2 Na5 18. Nf4 Bxf3 19. Qxf3 Bg5 20. Qd3 Bxf4 21. gxf4 d5 22. Qxa6 R5f6 23. f5 Rh6 24. h3 Rxf5 25. Rde1 Nc6 26. c3 Rg6 27. f4 Rgf6 28. b4 c4 29. Qb5 Rxf4 30. Rxf4 Qxf4 31. Re2 Nd8 32. Qb6 Qc1+ 33. Kh2 Rf8 34. Qd4 Qxa3 35. h4 Qc1 36. Re3 Nc6 37. Qc5 Nd8 38. Qd4 h5 39. Qe5 Qd2 40. Rg3 Qh6 41. Bf3 Rf5 42. Qb8 Qf6 43. Kg2 Qxh4 44. b5 Qf6 45. b6 h4 46. Rh3 Qg5+ 47. Kf2 Rf8 48. Qd6 Qf6 49. Qb4 Qf7 50. Ke3 Qf4+ 51. Ke2 Nc6 52. Qc5 Ne5 53. Qe3 Qxe3+ 54. Kxe3 Nxf3 55. Rxf3 Rb8 56. Rf4 Rxb6 57. Rxh4 Kf7 0-1

[Event "Chernivtsi op"]
[Site "Chernivtsi"]
[Date "2021.07.21"]
[Round "3"]
[White "Grechko, Valentin"]
[Black "Kuzyk, Yuriy"]
[Result "1-0"]
[WhiteElo "2104"]
[BlackElo "1931"]
[PlyCount "107"]
[EventDate "2021.07.20"]
[EventType "swiss"]
[EventRounds "9"]
[EventCountry "UKR"]
[SourceTitle "CBM 203 Extra"]
[Source "ChessBase"]
[SourceDate "2021.09.30"]
[SourceVersion "1"]
[SourceVersionDate "2021.09.30"]
[SourceQuality "1"]

1. e4 c5 2. Nf3 Nc6 3. d4 cxd4 4. Nxd4 g6 5. Nc3 Bg7 6. Be3 d6 7. Qd2 h5 8. 0-0-0 Bd7 9. Bc4 Ne5 10. Bb3 a6 11. h3 Rc8 12. f4 Nc4 13. Bxc4 Rxc4 14. f5 gxf5 15. exf5 Be5 16. b3 Rxc3 17. Qxc3 Bxf5 18. Qb4 Bc8 19. Nf3 Bg3 20. Rhf1 b5 21. Qd4 f6 22. Qe4 f5 23. Qc6+ Qd7 24. Qc3 Nf6 25. Bg5 Rf8 26. Bxf6 Rxf6 27. Nd4 Be5 28. Qf3 Bxd4 29. Qxh5+ Kd8 30. Rxd4 Qe6 31. Qf3 Qd7 32. Rh4 Kc7 33. Qc3+ Qc6 34. Qxc6+ Kxc6 35. Rh8 Kc7 36. h4 Rg6 37. Rf2 Bb7 38. h5 Rg5 39. h6 Rh5 40. h7 Rh1+ 41. Kb2 e6 42. g4 Be4 43. g5 e5 44. g6 f4 45. g7 Rxh7 46. g8Q Rd7 47. Qb8+ Kc6 48. Qa8+ Rb7 49. Qxa6+ Rb6 50. Qa8+ Rb7 51. Rb8 Kb6 52. Rxb7+ Bxb7 53. Qd8+ Kc6 54. Rd2 1-0